| Tag |
First Indicator |
Second Indicator |
Subfields |
| LEADER |
00000cam a2200000 a 4500 |
| 001 |
in00000051060 |
| 005 |
20151007080141.0 |
| 008 |
811201s1980 enk b 00110 eng |
| 010 |
|
|
|a 80041118
|
| 015 |
|
|
|a GB***
|
| 020 |
|
|
|a 0710004710
|
| 035 |
|
|
|a (OCoLC)07115754
|
| 035 |
|
|
|9 AAF4327AM
|
| 039 |
0 |
|
|a 2
|b 3
|c 3
|d 3
|e 3
|
| 040 |
|
|
|a DLC
|c DLC
|d OCL
|d TXA
|d UtOrBLW
|
| 049 |
|
|
|a TXAM
|c [1561622]
|
| 050 |
0 |
0 |
|a PR6039 H55
|b Z77
|
| 082 |
0 |
|
|a 821/.912
|2 19
|
| 100 |
1 |
|
|a Motion, Andrew,
|d 1952-
|
| 245 |
1 |
4 |
|a The poetry of Edward Thomas /
|c Andrew Motion.
|
| 264 |
|
1 |
|a London ;
|a Boston :
|b Routledge & Kegan Paul,
|c 1980.
|
| 300 |
|
|
|a x, 193 pages ;
|c 23 cm.
|
| 336 |
|
|
|a text
|b txt
|2 rdacontent
|
| 337 |
|
|
|a unmediated
|b n
|2 rdamedia
|
| 338 |
|
|
|a volume
|b nc
|2 rdacarrier
|
| 500 |
|
|
|a Includes index.
|
| 504 |
|
|
|a Bibliography: pages 183-188.
|
| 600 |
1 |
0 |
|a Thomas, Edward,
|d 1878-1917
|x Criticism and interpretation.
|
| 999 |
|
|
|a MARS
|
| 999 |
f |
f |
|s dda1e5e0-7083-39ce-85b4-9608d4249778
|i cbcab48e-a2bd-387c-a9b2-23818ef9d299
|t 0
|
| 952 |
f |
f |
|p ric
|a Texas A&M University
|b Rellis Campus
|c Joint Library Facility
|d Remote Storage
|t 0
|e PR6039 H55 Z77
|h Library of Congress classification
|i unmediated -- volume
|m A14805939544
|
| 952 |
f |
f |
|p noncirc
|a Texas A&M University
|b College Station
|c Cushing Memorial Library & Archives
|d Cushing: Literature/Edward Thomas (Does not check out)
|t 0
|e PR6039 H55 Z77 1980
|h Library of Congress classification
|i unmediated -- volume
|
| 998 |
f |
f |
|a PR6039 H55 Z77
|t 0
|l Remote Storage
|
| 998 |
f |
f |
|a PR6039 H55 Z77 1980
|t 0
|l Cushing: Literature/Edward Thomas (Does not check out)
|